000 00627nam a2200193 a 4500
001 BRCA_904
005 20190320203211.0
008 031105s1987----sp-a---###---#000-0#spa-d
020 _a8471201178
050 4 _aNK7162
_b.M37 1987
100 1 _aMartín, Fernando A.
_93000
245 1 0 _aCatálogo de la plata del patrimonio nacional
_cFernando A. Martín.
260 _aMadrid
_bPatrimonio Nacional
_c1987
300 _a433 p.
_bil.
_c29 cm.
500 _aIncluye índice onomástico y tipológico y apéndice documental
504 _aBibliografía: p. 415-425
650 1 4 _aPlatería
_vCatálogos
_zEspaña
_93001
942 _2lcc
_cB
999 _c797
_d797